History Quiz

Random History or Country Quiz

Name the country that the leader is from Quiz Stats

 Plays Quiz not verified by Sporcle

Challenge
Share
Tweet
Embed
Score 0/15 Timer 10:00
0 Plays Today
Hint Answer % Correct
Haile SelassieEthiopia
97.4%
Yasser ArafatPalestine
92.1%
David Ben-GurionIsrael
81.6%
Leopold IIBelgium
78.9%
Toussaint L'OuvertureHaiti
73.7%
Pierre TrudeauCanada
73.7%
Aung San Suu KyiMyanmar
68.4%
Ferdinand MarcosPhilippines
63.2%
Hint Answer % Correct
Ashoka MauryaIndia
57.9%
Salvador AllendeChile
57.9%
Muhammad Ali JinnahPakistan
50%
√Čamon de ValeraIreland
50%
Jacobo ArbenzGuatemala
34.2%
Kwame NkrumahGhana
34.2%
Jose MujicaUruguay
31.6%

You're not logged in!

Compare scores with friends on all Sporcle quizzes.
OR
Log In

You Might Also Like...

Show Comments

Extras

Created Oct 24, 2014ReportNominate
Tags:Country Quiz, leader

Top Quizzes Today


Score Distribution

Your Account Isn't Verified!

In order to create a playlist on Sporcle, you need to verify the email address you used during registration. Go to your Sporcle Settings to finish the process.

Report this User

Report this user for behavior that violates our Community Guidelines.

Details: